Licenčné zmluvy v novom autorskom zákone
Všeobecná charakteristika licenčnej zmluvy podľa zákona č. 618/2003 Z.z. o autorskom práve. Vymedzenie pojmu licencia. Obligatórne náležitosti licenčnej zmluvy. Rozsah licencie. Výhradná a nevýhradná licencia. Doba poskytnutia a nakladanie s licenciou. Prechod a zánik licencie. Osobitné ustanovenia...
Saved in:
| Main Author: | |
|---|---|
| Other Authors: | |
| Format: | Book Chapter |
| Language: | Slovak |
| Subjects: | |
| Tags: |
No Tags, Be the first to tag this record!
|
MARC
| LEADER | 00000naa$a2200000$$$4500 | ||
|---|---|---|---|
| 001 | 0018990 | ||
| 005 | 20231109113012.4 | ||
| 041 | 0 | |a slo | |
| 044 | |a SK | ||
| 245 | 1 | 0 | |a Licenčné zmluvy v novom autorskom zákone |c Daniela Gregušová, Miroslav Chlipala |
| 520 | |a Všeobecná charakteristika licenčnej zmluvy podľa zákona č. 618/2003 Z.z. o autorskom práve. Vymedzenie pojmu licencia. Obligatórne náležitosti licenčnej zmluvy. Rozsah licencie. Výhradná a nevýhradná licencia. Doba poskytnutia a nakladanie s licenciou. Prechod a zánik licencie. Osobitné ustanovenia o licenčnej zmluve na vydanie diela. | ||
| 610 | 2 | 0 | |a licencie |
| 610 | 2 | 0 | |a právo autorské |
| 610 | 2 | 0 | |a zmluvy licenčné |
| 610 | 2 | 0 | |a pojmy |
| 610 | 2 | 0 | |a legislatíva |
| 610 | 2 | 0 | |a Slovensko |
| 100 | 1 | |a Gregušová, Daniela | |
| 700 | 1 | |a Chlipala, Miroslav | |